| 000 | 01175cam a22002295a 4500 | ||
|---|---|---|---|
| 001 | L157532 | ||
| 008 | 130114s2012 xxk f 000 0 eng d | ||
| 035 | _a(Sirsi) u157532 | ||
| 041 | 0 | _aeng | |
| 050 | 0 | 4 | _a333.332 $2 18 |
| 100 | 1 | _aDigby, Philip | |
| 245 | 0 | 0 |
_aRental and capital valuation of data centres _bResearch considering valuation based on the power supply to the property |
| 260 |
_a[S.l.] _b[s.n] _c2012 |
||
| 300 |
_a22p. _c30cm |
||
| 505 | 2 | _aIntroduction -- Data centre evolution -- Data centre features for comparisions -- Leases, power provision, and the underlying property value -- Reinstatement cost assessment and other valuation bases -- A critique of alternative valuation approaches -- Conclusion -- Appendix A valuation approach flowchart -- Appendix B power approach framework | |
| 520 | _aLooks at the valuation methodology used to value data centres based on research submitted by the author to the RICS Working Party responsible for the production of the RICS "Data centre guidance note." (L153176) | ||
| 590 | _aKA | ||
| 651 | 4 |
_aUnited Kingdom _y |
|
| 690 |
_aValuation _96273 |
||
| 690 |
_aCommercial property _96227 |
||
| 942 | _n0 | ||
| 999 |
_c114823 _d114823 |
||